00521 2200217 4500001002100000005001700021008004100038020001800079035002400097090001100121100002000132245001200152250001100164260002800175300003100203650001200234700001200246850001500258999001500273999001500288YOGYA-021100000059792011021012172841 ind  a979-9440-76-9 0010-021100000005979 a153.44 aMYERS, David G. aIntuisi aCet. 1 aYogyakartabQalamc2002 axii, 495 hlm.;ilus.;21 cm. aIntuisi aRuslani aYOPDYOG[B] a04B0002933 a04B0002934